000 00408nam a2200181Ia 4500
001 10088
005 20260306161806.0
008 260306t2000||||xx |||||||||||||| ||spa||
041 _aESP
082 _aGR 883.12
_bH12 2000
100 _aHomero
_eAUT
245 0 _aLa odisea
260 _c2000
300 _axxix, 254 páginas :
_c22 cm.
650 _aGEN
654 _aCHU
942 _cLIB
_dJUS
_fJUS
_2ddc
_n
999 _c10088
_d10088